00249nam a2200085Ia 4500008004100000100001900041245007300060260001800133650001200151190216s9999||||xx |||||||||||||| ||und|| aMichael Lipton 0aWhy Poor People Stay Poor A Study Of Urban Bias In World Development bHeritage Pubs aEnglish